A serdülö ifjúság pattanásossága

Bibliographic Details
Main Author: Bíziková, Viera (Author)
Other Authors: Bothová, Oľga (Illustrator), Protičová, J. (Translator)
Format: Book
Language:Hungarian
PhysicalDescription:[4] s. 8°
Published: Bratislava Ústav zdravot. výchovy 1973

MARC

LEADER 00000nam a2200000 a 4500
001 vtls001333723
003 SK-MaSNL
005 20260301065940.0
008 251031s1973 xo 0 hun
035 |a SNK000286648 
040 |a SNK  |b slo  |c SNK  |e AACR2 
041 0 |a hun 
044 |a xo  |c SK 
100 1 |a Bíziková, Viera  |4 aut  |9 290724 
240 1 0 |a Uhrovitosť u dospievajúcej mládeže  |l Maďarsky 
245 1 0 |a A serdülö ifjúság pattanásossága  |c Viera Bíziková ; magyarra ford. J. Protičová ; graf. kidolg. Oľga Bothová 
260 |a Bratislava  |b Ústav zdravot. výchovy  |c 1973 
300 |a [4] s.  |c 8° 
700 1 |a Bothová, Oľga  |4 ill  |9 385434 
700 1 |a Protičová, J.  |4 trl  |9 385435 
958 |a OND 
999 |c 632572  |d 634502 
952 |t P60, <04>, [BOOK], {604}  |a SNK  |b SNK  |y VYP  |7 0  |o snkOSC 3427 D1  |i snkKSP 1595/74  |0 0  |1 0  |4 0  |d 1998-06-09  |l 0  |r 2005-01-02 00:00:00  |w 2026-02-23 
952 |t P60, <03>, [BOOK], {603}  |a SNK  |b SNK  |y PREZ  |7 0  |o snkOSC 3427  |i snkKSP 1594/74  |0 0  |1 0  |4 0  |d 1998-06-09  |l 0  |r 2005-01-02 00:00:00  |w 2026-02-23